[Event "MrDodgy Online Inv"]
[Site "chess24.com INT"]
[Date "2020.06.13"]
[Round "2.2"]
[White "Giri, Anish"]
[Black "Korobov, Anton"]
[Result "1-0"]
[WhiteElo "2764"]
[BlackElo "2688"]
[PlyCount "91"]
[EventDate "2020.06.12"]
[EventType "k.o. (blitz)"]
[EventRounds "3"]
[EventCountry "GER"]
[SourceTitle "CBM 196 Extra"]
[Source "ChessBase"]
[SourceDate "2020.07.31"]
[SourceVersion "1"]
[SourceVersionDate "2020.07.31"]
[SourceQuality "1"]

1. e4 e6 2. d4 d5 3. Nc3 Nf6 4. e5 Nfd7 5. f4 c5 6. Nf3 Nc6 7. Be3 Be7 8. Qd2
O-O 9. dxc5 Nxc5 10. O-O-O b6 11. h4 Bb7 12. h5 h6 13. Nd4 Ne4 14. Nxe4 dxe4
15. Nxc6 Bxc6 16. g4 Qc7 17. Qc3 Qb7 18. Rh2 Rac8 19. Qe1 Bd5 20. Kb1 b5 21. g5
hxg5 22. fxg5 Qc7 23. h6 g6 24. Bd4 Kh7 25. Qe3 b4 26. Rf2 Qa5 27. b3 Rc3 28.
Qf4 Qd8 29. Bxc3 bxc3 30. Rg2 Qa5 31. Rg3 Qc5 32. Re1 a5 33. Bg2 a4 34. Bxe4
axb3 35. axb3 Qa5 36. Bxd5 exd5 37. Rd1 Qa7 38. Rd4 Qa6 39. Rf3 Qe2 40. Qe3 Qg2
41. Rd1 Bxg5 42. Qxc3 Qe2 43. Rfd3 Ra8 44. Re1 Qf2 45. e6 Qa7 46. Qg7# 1-0

[Event "MrDodgy Online Inv"]
[Site "chess24.com INT"]
[Date "2020.06.13"]
[Round "2.3"]
[White "Korobov, Anton"]
[Black "Giri, Anish"]
[Result "1/2-1/2"]
[WhiteElo "2688"]
[BlackElo "2764"]
[PlyCount "62"]
[EventDate "2020.06.12"]
[EventType "k.o. (blitz)"]
[EventRounds "3"]
[EventCountry "GER"]
[SourceTitle "CBM 196 Extra"]
[Source "ChessBase"]
[SourceDate "2020.07.31"]
[SourceVersion "1"]
[SourceVersionDate "2020.07.31"]
[SourceQuality "1"]

1. d4 d5 2. c4 dxc4 3. e3 Nf6 4. Bxc4 e6 5. Nf3 c5 6. O-O a6 7. a4 cxd4 8. exd4
Nc6 9. Nc3 Be7 10. Bg5 O-O 11. Re1 h6 12. Bh4 Bd7 13. Qe2 Rc8 14. Rad1 Nb4 15.
Ne5 Be8 16. Bb3 Nfd5 17. Nxd5 Nxd5 18. Bxd5 Bxh4 19. Bxb7 Bxa4 20. Bxc8 Bxd1
21. Rxd1 Qxc8 22. g3 Be7 23. d5 exd5 24. Rxd5 Re8 25. Qc4 Qe6 26. Qc6 Bf6 27.
Qxe6 fxe6 28. Ra5 Bxe5 29. Rxe5 Kf7 30. Ra5 Rb8 31. Rxa6 Rxb2 1/2-1/2

[Event "MrDodgy Online Inv"]
[Site "chess24.com INT"]
[Date "2020.06.13"]
[Round "2.4"]
[White "Giri, Anish"]
[Black "Korobov, Anton"]
[Result "0-1"]
[WhiteElo "2764"]
[BlackElo "2688"]
[PlyCount "74"]
[EventDate "2020.06.12"]
[EventType "k.o. (blitz)"]
[EventRounds "3"]
[EventCountry "GER"]
[SourceTitle "CBM 196 Extra"]
[Source "ChessBase"]
[SourceDate "2020.07.31"]
[SourceVersion "1"]
[SourceVersionDate "2020.07.31"]
[SourceQuality "1"]

1. e4 e6 2. d4 d5 3. Nc3 Nf6 4. e5 Nfd7 5. f4 c5 6. Nf3 Nc6 7. Be3 Be7 8. Qd2
O-O 9. dxc5 Nxc5 10. O-O-O b6 11. h4 Bb7 12. h5 Ne4 13. Nxe4 dxe4 14. Nd4 Nb4
15. Kb1 Rc8 16. a3 Nd5 17. c4 Nxe3 18. Qxe3 b5 19. cxb5 Qb6 20. f5 Rfd8 21. Be2
Rd5 22. fxe6 fxe6 23. h6 g6 24. Qh3 Rxe5 25. Bg4 Kh8 26. Bxe6 Rd8 27. Nc6 Bxc6
28. bxc6 Bf6 29. Bb3 Rf8 30. Rd6 Rf5 31. Rhd1 e3 32. Ka2 Bxb2 33. Kxb2 Rf2+ 34.
R1d2 exd2 35. Qc3+ R8f6 36. Rxd2 Rxd2+ 37. Qxd2 Rf2 0-1

[Event "MrDodgy Online Inv"]
[Site "chess24.com INT"]
[Date "2020.06.13"]
[Round "2.5"]
[White "Korobov, Anton"]
[Black "Giri, Anish"]
[Result "0-1"]
[WhiteElo "2688"]
[BlackElo "2764"]
[PlyCount "70"]
[EventDate "2020.06.12"]
[EventType "k.o. (blitz)"]
[EventRounds "3"]
[EventCountry "GER"]
[SourceTitle "CBM 196 Extra"]
[Source "ChessBase"]
[SourceDate "2020.07.31"]
[SourceVersion "1"]
[SourceVersionDate "2020.07.31"]
[SourceQuality "1"]

1. d4 Nf6 2. c4 e6 3. Nf3 d5 4. Nc3 c6 5. e3 Nbd7 6. Be2 Bd6 7. O-O O-O 8. b3
b6 9. Bb2 Bb7 10. Qc2 Qe7 11. Rfe1 Rfe8 12. e4 dxe4 13. Nxe4 Nxe4 14. Qxe4 Rad8
15. Bd3 Nf8 16. Qg4 f6 17. Rad1 Qf7 18. c5 bxc5 19. dxc5 Bxc5 20. h4 h5 21. Qa4
Bb6 22. Qf4 c5 23. Bc4 Bd5 24. Rc1 Ng6 25. Qe3 Ne7 26. Qd3 Qg6 27. Qxg6 Nxg6
28. Ba3 Kf7 29. Bxd5 Rxd5 30. Rc4 e5 31. g3 Nf8 32. Rec1 Ne6 33. Kf1 Red8 34.
R1c2 Nd4 35. R2c3 Nb5 0-1

[Event "MrDodgy Online Inv"]
[Site "chess24.com INT"]
[Date "2020.06.13"]
[Round "2.6"]
[White "Giri, Anish"]
[Black "Korobov, Anton"]
[Result "1-0"]
[WhiteElo "2764"]
[BlackElo "2688"]
[PlyCount "67"]
[EventDate "2020.06.12"]
[EventType "k.o. (blitz)"]
[EventRounds "3"]
[EventCountry "GER"]
[SourceTitle "CBM 196 Extra"]
[Source "ChessBase"]
[SourceDate "2020.07.31"]
[SourceVersion "1"]
[SourceVersionDate "2020.07.31"]
[SourceQuality "1"]

1. c4 Nf6 2. Nf3 g6 3. Nc3 Bg7 4. e4 d6 5. d4 O-O 6. Be2 e5 7. O-O Nc6 8. d5
Ne7 9. b4 Nh5 10. Re1 f5 11. a4 Nf6 12. a5 h6 13. Ra3 f4 14. h4 Rf7 15. c5 Bf8
16. c6 Rg7 17. b5 g5 18. hxg5 hxg5 19. Nh2 bxc6 20. dxc6 g4 21. g3 Be6 22. gxf4
exf4 23. Bxf4 Nh5 24. Bg3 Nxg3 25. fxg3 d5 26. exd5 Nxd5 27. Bc4 Bf7 28. Bxd5
Bxa3 29. Nxg4 Qg5 30. Ne4 Bc5+ 31. Kg2 Bxd5 32. Ngf6+ Qxf6 33. Qxd5+ Qf7 34.
Nf6+ 1-0

[Event "MrDodgy Online Inv"]
[Site "chess24.com INT"]
[Date "2020.06.13"]
[Round "2.7"]
[White "Korobov, Anton"]
[Black "Giri, Anish"]
[Result "0-1"]
[WhiteElo "2688"]
[BlackElo "2764"]
[PlyCount "116"]
[EventDate "2020.06.12"]
[EventType "k.o. (blitz)"]
[EventRounds "3"]
[EventCountry "GER"]
[SourceTitle "CBM 196 Extra"]
[Source "ChessBase"]
[SourceDate "2020.07.31"]
[SourceVersion "1"]
[SourceVersionDate "2020.07.31"]
[SourceQuality "1"]

1. d4 Nf6 2. Nf3 d5 3. Nbd2 c5 4. e3 cxd4 5. exd4 Bf5 6. c3 e6 7. Qb3 Qc7 8.
Nh4 Bg6 9. Nxg6 hxg6 10. g3 Nc6 11. Nf3 Bd6 12. Bd3 a6 13. Be3 b5 14. O-O O-O
15. a4 b4 16. Rfc1 Qd7 17. Qd1 bxc3 18. bxc3 e5 19. dxe5 Nxe5 20. Nxe5 Bxe5 21.
Rab1 Bxc3 22. Bc5 Be5 23. Bxf8 Kxf8 24. Rb6 a5 25. Bb5 Qf5 26. Bd3 Qd7 27. Qc2
Kg8 28. Qc6 Qd8 29. Rb7 Bd4 30. Kg2 Qf8 31. Rc7 Kh7 32. Rd1 Be5 33. Rxf7 Qxf7
34. Qxa8 Ng4 35. Rf1 Bd4 36. Qc8 Ne5 37. Qh3+ Kg8 38. Be2 Qe8 39. Rc1 Nc4 40.
Bf3 Qf7 41. Qg4 Bb2 42. Rd1 d4 43. Qc8+ Kh7 44. Be4 Ne5 45. Qh3+ Kg8 46. Rb1
Qa2 47. Rxb2 Qxb2 48. Qe6+ Kh7 49. Qxe5 Qe2 50. Bxg6+ Kxg6 51. Qxe2 d3 52.
Qxd3+ Kf6 53. Kf3 g5 54. Ke4 Kg6 55. Qd5 g4 56. Qf5+ Kh6 57. Qxg4 Kh7 58. Qf5+
Kh6 0-1

[Event "MrDodgy Online Inv"]
[Site "chess24.com INT"]
[Date "2020.06.13"]
[Round "2.8"]
[White "Giri, Anish"]
[Black "Korobov, Anton"]
[Result "1/2-1/2"]
[WhiteElo "2764"]
[BlackElo "2688"]
[PlyCount "87"]
[EventDate "2020.06.12"]
[EventType "k.o. (blitz)"]
[EventRounds "3"]
[EventCountry "GER"]
[SourceTitle "CBM 196 Extra"]
[Source "ChessBase"]
[SourceDate "2020.07.31"]
[SourceVersion "1"]
[SourceVersionDate "2020.07.31"]
[SourceQuality "1"]

1. e4 e6 2. d4 d5 3. exd5 exd5 4. Nf3 Bd6 5. c4 dxc4 6. Bxc4 Nf6 7. Nc3 O-O 8.
O-O h6 9. h3 Nc6 10. a3 Re8 11. Qc2 Be6 12. Bxe6 fxe6 13. Re1 Qd7 14. Ne4 Qf7
15. Nxf6+ Qxf6 16. Qe4 Qf5 17. Bd2 Qxe4 18. Rxe4 Rad8 19. Rae1 Kf7 20. Bc3 a5
21. h4 b6 22. h5 Nb8 23. d5 exd5 24. Rxe8 Rxe8 25. Rxe8 Kxe8 26. Bxg7 Bf4 27.
Be5 Bxe5 28. Nxe5 Nd7 29. Nxd7 Kxd7 30. f4 Ke6 31. g4 d4 32. Kf2 c5 33. a4 Kf6
34. Ke2 Ke6 35. g5 hxg5 36. fxg5 Kf5 37. h6 Kg6 38. b3 Kh7 39. Kf3 Kg6 40. Ke4
Kh7 41. Kd3 Kg6 42. Ke4 Kh7 43. Kd3 Kg6 44. Ke4 1/2-1/2

[Event "MrDodgy Online Inv"]
[Site "chess24.com INT"]
[Date "2020.06.13"]
[Round "2.9"]
[White "Korobov, Anton"]
[Black "Giri, Anish"]
[Result "0-1"]
[WhiteElo "2688"]
[BlackElo "2764"]
[PlyCount "112"]
[EventDate "2020.06.12"]
[EventType "k.o. (blitz)"]
[EventRounds "3"]
[EventCountry "GER"]
[SourceTitle "CBM 196 Extra"]
[Source "ChessBase"]
[SourceDate "2020.07.31"]
[SourceVersion "1"]
[SourceVersionDate "2020.07.31"]
[SourceQuality "1"]

1. d4 Nf6 2. c4 e6 3. Nc3 Bb4 4. e3 O-O 5. Bd3 d5 6. Nf3 dxc4 7. Bxc4 c5 8. O-O
cxd4 9. exd4 b6 10. Bg5 Bb7 11. Qe2 Bxc3 12. bxc3 Nbd7 13. Rac1 Qc7 14. Rfe1
Bxf3 15. gxf3 Rfe8 16. Bb3 Qd6 17. Bh4 Nh5 18. Qb5 e5 19. Bg3 Nxg3 20. hxg3
exd4 21. cxd4 Rxe1+ 22. Rxe1 Nf6 23. Qc4 Qd7 24. Rc1 Rd8 25. Qc7 h6 26. Qf4 Rc8
27. Rxc8+ Qxc8 28. Kg2 Qd8 29. Qe5 Kf8 30. Ba4 Nd5 31. Bc6 Ne7 32. d5 Ng6 33.
Qe3 Qe7 34. d6 Qxe3 35. fxe3 Ne5 36. Bb5 f6 37. f4 Nf7 38. d7 Ke7 39. Kf3 Nd6
40. Bc6 f5 41. Ke2 Ne4 42. g4 Nc3+ 43. Kd2 Nxa2 44. gxf5 Nb4 45. Ba4 a6 46. Kc3
Nd5+ 47. Kd4 Nf6 48. e4 h5 49. e5 Nxd7 50. Kd5 h4 51. Bd1 h3 52. Kc6 a5 53. Kb5
h2 54. Bf3 Nc5 55. Bh1 Nd3 56. Kxb6 a4 0-1

[Event "MrDodgy Online Inv"]
[Site "chess24.com INT"]
[Date "2020.06.14"]
[Round "3.1"]
[White "Navara, David"]
[Black "Giri, Anish"]
[Result "0-1"]
[WhiteElo "2719"]
[BlackElo "2764"]
[PlyCount "174"]
[EventDate "2020.06.12"]
[EventType "k.o. (blitz)"]
[EventRounds "3"]
[EventCountry "GER"]
[SourceTitle "CBM 196 Extra"]
[Source "ChessBase"]
[SourceDate "2020.07.31"]
[SourceVersion "1"]
[SourceVersionDate "2020.07.31"]
[SourceQuality "1"]

1. Nf3 d5 2. d4 Nf6 3. c4 c6 4. Nc3 dxc4 5. a4 Bf5 6. e3 e6 7. Bxc4 Bb4 8. O-O
O-O 9. Qe2 Ne4 10. Nxe4 Bxe4 11. Rd1 c5 12. dxc5 Qe7 13. Bd2 Bxc5 14. Bc3 Nc6
15. Rac1 Rfd8 16. Nd2 Bg6 17. Nb3 Bb4 18. h3 Rxd1+ 19. Qxd1 Rd8 20. Qe1 Bxc3
21. Qxc3 Nb4 22. Nd4 h6 23. Bf1 Kh7 24. Qc5 Qxc5 25. Rxc5 Rd7 26. Bb5 Re7 27.
f4 Be4 28. Kf2 a6 29. Be2 Rd7 30. a5 Nc6 31. Nxc6 Bxc6 32. Bxa6 Rd2+ 33. Ke1
Rxb2 34. Bd3+ g6 35. a6 Kg7 36. Bc4 Rb6 37. axb7 Bxg2 38. Rb5 Rxb5 39. Bxb5
Bxb7 40. h4 Kf6 41. Kf2 e5 42. Kg3 Bd5 43. Bd3 Ke6 44. Bc2 Kd6 45. Bd3 Be6 46.
Bc2 Bf5 47. Bb3 f6 48. Bf7 Kc5 49. Kf2 Kb4 50. Bd5 Kc3 51. Ke2 Bg4+ 52. Kf2 Kd3
53. Bf7 Bf5 54. Bd5 Be4 55. Bf7 Bf5 56. Bd5 Kc3 57. Bf7 Kd2 58. Bd5 Bd3 59. Bf7
g5 60. hxg5 hxg5 61. fxg5 fxg5 62. Bd5 Bf5 63. Bc6 Kd3 64. Bb5+ Kc3 65. Bc6 Kc4
66. Bb7 Kc5 67. Kf3 Kd6 68. Ba8 Ke7 69. Bc6 Kf6 70. Bb7 Bd7 71. Be4 Bb5 72. Kg3
Bf1 73. Kg4 Be2+ 74. Kg3 Bh5 75. Bd3 Bg6 76. Bc4 Bf5 77. Bd5 Ke7 78. Bc4 Kd6
79. Bb3 Kc5 80. Bf7 Kb4 81. Kf2 Kc3 82. Bd5 Kd3 83. Ba2 Kd2 84. Bb3 g4 85. Ba2
Bc2 86. Be6 Bd1 87. Bf5 Bf3 0-1

[Event "MrDodgy Online Inv"]
[Site "chess24.com INT"]
[Date "2020.06.14"]
[Round "3.2"]
[White "Giri, Anish"]
[Black "Navara, David"]
[Result "1/2-1/2"]
[WhiteElo "2764"]
[BlackElo "2719"]
[PlyCount "68"]
[EventDate "2020.06.12"]
[EventType "k.o. (blitz)"]
[EventRounds "3"]
[EventCountry "GER"]
[SourceTitle "CBM 196 Extra"]
[Source "ChessBase"]
[SourceDate "2020.07.31"]
[SourceVersion "1"]
[SourceVersionDate "2020.07.31"]
[SourceQuality "1"]

1. d4 Nf6 2. Nf3 d5 3. Bf4 c5 4. e3 Qb6 5. dxc5 Qxc5 6. Nc3 a6 7. Qd2 Nc6 8.
O-O-O Bg4 9. Be2 e6 10. Kb1 Rc8 11. Ne5 Bxe2 12. Qxe2 Be7 13. g4 O-O 14. g5
Nxe5 15. Bxe5 Nd7 16. Bd4 Qc6 17. f4 b5 18. Qd3 Nc5 19. Bxc5 Qxc5 20. h4 Qc4
21. Ne2 Qxd3 22. cxd3 Bc5 23. d4 Bb4 24. Nc1 Rc4 25. Nd3 Bd6 26. Rc1 Rfc8 27.
b3 Rc3 28. Kb2 b4 29. Nf2 R8c7 30. Rxc3 Rxc3 31. Nd1 Rc7 32. Nf2 Rc3 33. Nd1
Rc7 34. Nf2 Rc3 1/2-1/2

[Event "MrDodgy Online Inv"]
[Site "chess24.com INT"]
[Date "2020.06.14"]
[Round "3.3"]
[White "Navara, David"]
[Black "Giri, Anish"]
[Result "0-1"]
[WhiteElo "2719"]
[BlackElo "2764"]
[PlyCount "56"]
[EventDate "2020.06.12"]
[EventType "k.o. (blitz)"]
[EventRounds "3"]
[EventCountry "GER"]
[SourceTitle "CBM 196 Extra"]
[Source "ChessBase"]
[SourceDate "2020.07.31"]
[SourceVersion "1"]
[SourceVersionDate "2020.07.31"]
[SourceQuality "1"]

1. Nf3 d5 2. g3 Bg4 3. Bg2 c6 4. O-O Nf6 5. h3 Bh5 6. d3 Nbd7 7. Qe1 e5 8. e4
dxe4 9. dxe4 Bc5 10. Nbd2 O-O 11. a4 Qc7 12. Nc4 Rfe8 13. b4 Bf8 14. Bb2 b5 15.
axb5 cxb5 16. Ne3 Bg6 17. Ra5 a6 18. Qa1 Bxe4 19. Rxa6 Bxb4 20. Rd1 Bc5 21. Re1
Rxa6 22. Qxa6 Ra8 23. Qxb5 Rb8 24. Qc4 Rxb2 25. Ng5 Bg6 26. Rd1 h6 27. Ne4 Bxe4
28. Bxe4 Rb4 0-1

[Event "MrDodgy Online Inv"]
[Site "chess24.com INT"]
[Date "2020.06.14"]
[Round "3.4"]
[White "Giri, Anish"]
[Black "Navara, David"]
[Result "1/2-1/2"]
[WhiteElo "2764"]
[BlackElo "2719"]
[PlyCount "109"]
[EventDate "2020.06.12"]
[EventType "k.o. (blitz)"]
[EventRounds "3"]
[EventCountry "GER"]
[SourceTitle "CBM 196 Extra"]
[Source "ChessBase"]
[SourceDate "2020.07.31"]
[SourceVersion "1"]
[SourceVersionDate "2020.07.31"]
[SourceQuality "1"]

1. d4 Nf6 2. c4 e6 3. Nf3 d5 4. g3 Be7 5. Bg2 O-O 6. O-O dxc4 7. Qc2 a6 8. a4
Bd7 9. Rd1 Bc6 10. Bg5 b5 11. Bxf6 Bxf6 12. Nc3 Qe8 13. e4 g6 14. d5 exd5 15.
exd5 Bb7 16. Re1 Qd8 17. Rad1 Nd7 18. axb5 axb5 19. Nxb5 Ra5 20. Nc3 Nb6 21.
Nd4 Re8 22. Nc6 Bxc6 23. dxc6 Rxe1+ 24. Rxe1 Qd3 25. Qxd3 cxd3 26. Rd1 Nc4 27.
Nd5 Nxb2 28. Nxf6+ Kg7 29. Rd2 Ra1+ 30. Bf1 Nc4 31. Ne8+ Kf8 32. Rxd3 Kxe8 33.
Rd7 Rc1 34. Kg2 Ne5 35. Rxc7 Kd8 36. Ra7 Rxc6 37. Ra2 Ke7 38. Re2 Kf6 39. Rd2
g5 40. Rb2 h5 41. Ra2 Kg6 42. Rb2 f6 43. Ra2 h4 44. gxh4 gxh4 45. Ra4 Rc2 46.
Rxh4 f5 47. h3 Kg5 48. Rd4 Ng6 49. Rc4 Nh4+ 50. Kg3 f4+ 51. Rxf4 Rc3+ 52. f3
Nf5+ 53. Rxf5+ Kxf5 54. h4 Rc1 55. Bh3+ 1/2-1/2

[Event "MrDodgy Online Inv"]
[Site "chess24.com INT"]
[Date "2020.06.14"]
[Round "3.5"]
[White "Navara, David"]
[Black "Giri, Anish"]
[Result "1/2-1/2"]
[WhiteElo "2719"]
[BlackElo "2764"]
[PlyCount "85"]
[EventDate "2020.06.12"]
[EventType "k.o. (blitz)"]
[EventRounds "3"]
[EventCountry "GER"]
[SourceTitle "CBM 196 Extra"]
[Source "ChessBase"]
[SourceDate "2020.07.31"]
[SourceVersion "1"]
[SourceVersionDate "2020.07.31"]
[SourceQuality "1"]

1. c4 Nf6 2. Nf3 c6 3. Nc3 d5 4. e3 e6 5. b3 Nbd7 6. Qc2 Bd6 7. Bb2 a6 8. d4
O-O 9. Bd3 e5 10. cxd5 cxd5 11. dxe5 Nxe5 12. Nxe5 Bxe5 13. Ne2 Qa5+ 14. Bc3
Bxc3+ 15. Qxc3 Qxc3+ 16. Nxc3 Be6 17. Ne2 Rfc8 18. f3 Kf8 19. Kd2 Ke7 20. g4 h6
21. Nd4 Nd7 22. h3 Ne5 23. Rac1 Rxc1 24. Rxc1 Rc8 25. Rf1 Bd7 26. Be2 Nc6 27.
Nc2 f6 28. f4 Be6 29. Bf3 Bf7 30. Rc1 Rd8 31. Nd4 Nxd4 32. exd4 Kd6 33. a4 a5
34. b4 axb4 35. Rb1 Be8 36. Rxb4 Bc6 37. Bd1 Ra8 38. Bc2 g5 39. f5 Kc7 40. Kc3
Kd6 41. Kd2 Kc7 42. Kc3 Kd6 43. Kd2 1/2-1/2

[Event "MrDodgy Online Inv"]
[Site "chess24.com INT"]
[Date "2020.06.14"]
[Round "3.6"]
[White "Giri, Anish"]
[Black "Navara, David"]
[Result "1-0"]
[WhiteElo "2764"]
[BlackElo "2719"]
[PlyCount "73"]
[EventDate "2020.06.12"]
[EventType "k.o. (blitz)"]
[EventRounds "3"]
[EventCountry "GER"]
[SourceTitle "CBM 196 Extra"]
[Source "ChessBase"]
[SourceDate "2020.07.31"]
[SourceVersion "1"]
[SourceVersionDate "2020.07.31"]
[SourceQuality "1"]

1. e4 e5 2. Nf3 Nc6 3. Bc4 Nf6 4. d3 Bc5 5. c3 a6 6. O-O d6 7. a4 O-O 8. Nbd2
a5 9. h3 Be6 10. Re1 Bxc4 11. Nxc4 h6 12. Be3 Bxe3 13. Nxe3 Re8 14. Qb3 Qd7 15.
Rad1 b6 16. Qc2 d5 17. exd5 Nxd5 18. Nxd5 Qxd5 19. Re3 Re6 20. Rde1 Rae8 21.
Qe2 f6 22. Nh4 Ne7 23. Qg4 Kh7 24. f4 g5 25. fxg5 fxg5 26. Rf1 Ng6 27. Nxg6
Rxg6 28. Kh1 Re7 29. Ref3 Qe6 30. Qe4 Kg7 31. Rf8 g4 32. h4 g3 33. R1f5 Qb3 34.
Qf3 Qa2 35. Qf1 Rg4 36. Rg5+ hxg5 37. Qf6+ 1-0

[Event "MrDodgy Online Inv"]
[Site "chess24.com INT"]
[Date "2020.06.14"]
[Round "3.7"]
[White "Navara, David"]
[Black "Giri, Anish"]
[Result "1/2-1/2"]
[WhiteElo "2719"]
[BlackElo "2764"]
[PlyCount "81"]
[EventDate "2020.06.12"]
[EventType "k.o. (blitz)"]
[EventRounds "3"]
[EventCountry "GER"]
[SourceTitle "CBM 196 Extra"]
[Source "ChessBase"]
[SourceDate "2020.07.31"]
[SourceVersion "1"]
[SourceVersionDate "2020.07.31"]
[SourceQuality "1"]

1. c4 e5 2. Nf3 Nc6 3. d4 exd4 4. Nxd4 Nf6 5. Nxc6 bxc6 6. g3 Bb4+ 7. Nd2 O-O
8. Bg2 d5 9. O-O a5 10. Nf3 Re8 11. Bg5 h6 12. Bxf6 Qxf6 13. cxd5 Ba6 14. Qd4
Qe7 15. Rfc1 cxd5 16. a3 Bd6 17. Qxd5 Bxe2 18. Nd4 Bg4 19. Qc4 Rac8 20. Bb7 c5
21. Bxc8 Bxc8 22. Nb5 Bb7 23. Nxd6 Qxd6 24. Re1 Rxe1+ 25. Rxe1 Qc6 26. f3 Qxf3
27. Re8+ Kh7 28. Qc2+ f5 29. Qe2 Qh1+ 30. Kf2 Qxh2+ 31. Ke1 Qxg3+ 32. Qf2 Qd3
33. Qxc5 Qb1+ 34. Kf2 Qxb2+ 35. Re2 Qf6 36. Qe5 Qh4+ 37. Qg3 Qd4+ 38. Qe3 Qh4+
39. Qg3 Qd4+ 40. Qe3 Qh4+ 41. Qg3 1/2-1/2

[Event "MrDodgy Online Inv"]
[Site "chess24.com INT"]
[Date "2020.06.14"]
[Round "3.8"]
[White "Giri, Anish"]
[Black "Navara, David"]
[Result "1-0"]
[WhiteElo "2764"]
[BlackElo "2719"]
[PlyCount "61"]
[EventDate "2020.06.12"]
[EventType "k.o. (blitz)"]
[EventRounds "3"]
[EventCountry "GER"]
[SourceTitle "CBM 196 Extra"]
[Source "ChessBase"]
[SourceDate "2020.07.31"]
[SourceVersion "1"]
[SourceVersionDate "2020.07.31"]
[SourceQuality "1"]

1. e4 g6 2. d4 Bg7 3. Nf3 d6 4. Be3 c5 5. Nc3 cxd4 6. Nxd4 Nf6 7. f3 Nc6 8. Qd2
O-O 9. O-O-O d5 10. exd5 Nxd5 11. Nxc6 bxc6 12. Bd4 Bxd4 13. Qxd4 Qb6 14. Na4
Qa5 15. b3 Rb8 16. Qc5 Qxc5 17. Nxc5 Nc3 18. Re1 Nxa2+ 19. Kb2 Nb4 20. Rxe7 Bf5
21. Bc4 Rbd8 22. g4 Bxc2 23. Nd7 Bd3 24. Nxf8 Bxc4 25. bxc4 Kxf8 26. Rxa7 Nd3+
27. Kc3 Ne5 28. Re1 Nxf3 29. Ree7 Kg7 30. Rxf7+ Kh6 31. Rxf3 1-0

[Event "MrDodgy Online Inv"]
[Site "chess24.com INT"]
[Date "2020.06.14"]
[Round "3.9"]
[White "Navara, David"]
[Black "Giri, Anish"]
[Result "0-1"]
[WhiteElo "2719"]
[BlackElo "2764"]
[PlyCount "82"]
[EventDate "2020.06.12"]
[EventType "k.o. (blitz)"]
[EventRounds "3"]
[EventCountry "GER"]
[SourceTitle "CBM 196 Extra"]
[Source "ChessBase"]
[SourceDate "2020.07.31"]
[SourceVersion "1"]
[SourceVersionDate "2020.07.31"]
[SourceQuality "1"]

1. e4 c5 2. Nf3 d6 3. d4 cxd4 4. Nxd4 Nf6 5. Nc3 a6 6. h3 e5 7. Nb3 Be7 8. g4
h6 9. Be3 b5 10. a4 bxa4 11. Rxa4 Bd7 12. Ra1 a5 13. Bg2 O-O 14. O-O a4 15. Nd2
Qc7 16. Kh1 Na6 17. Nxa4 Nb4 18. c3 Nd3 19. Nb6 Rxa1 20. Qxa1 Be6 21. Nd5 Bxd5
22. exd5 Qb7 23. b4 Rc8 24. Nb3 Bd8 25. Rd1 Nf4 26. Bxf4 exf4 27. Nd4 Bb6 28.
Nf5 Qd7 29. Qa6 Rb8 30. Re1 g6 31. Nxh6+ Kg7 32. g5 f3 33. Bf1 Bxf2 34. gxf6+
Kxh6 35. Re4 Qf5 36. Qxd6 Qxe4 37. Qxb8 Qe1 38. Qf4+ g5 39. Qc4 Bg3 40. h4 Qf2
41. hxg5+ Kxg5 0-1

[Event "Titled Tuesday intern op 16th June"]
[Site "Chess.com INT"]
[Date "2020.06.16"]
[Round "1"]
[White "Itkin, David"]
[Black "Girish, A Koushnik"]
[Result "1-0"]
[WhiteElo "2262"]
[BlackElo "2498"]
[PlyCount "141"]
[EventDate "2020.06.16"]
[EventType "swiss (blitz)"]
[EventRounds "10"]
[EventCountry "USA"]
[SourceTitle "EXT 2021"]
[Source "ChessBase"]
[SourceDate "2020.10.23"]
[SourceVersion "1"]
[SourceVersionDate "2020.10.23"]
[SourceQuality "1"]

1. e4 e5 2. Nf3 Nc6 3. Nc3 Nf6 4. Be2 d5 5. exd5 Nxd5 6. O-O Bb4 7. Nxd5 Qxd5
8. c3 Bd6 9. d4 e4 10. Nd2 O-O 11. f3 Qh5 12. g3 exf3 13. Bxf3 Qg6 14. Ne4 Bh3
15. Re1 Rae8 16. Nxd6 Qxd6 17. Bf4 Qd7 18. Qd2 Ne7 19. Re2 c6 20. Rae1 Ng6 21.
Rxe8 Rxe8 22. Rxe8+ Qxe8 23. Qe3 Qd7 24. Bg2 Bxg2 25. Kxg2 h6 26. Qe4 Qd5 27.
Qxd5 Nxf4+ 28. gxf4 cxd5 29. a4 a5 30. b3 f5 31. c4 Kf7 32. Kf3 g5 33. h3 Ke6
34. Kg3 Kf6 35. Kf3 Kg6 36. Kg3 Kh5 37. Kf3 Kg6 38. Kg3 Kg7 39. Kf3 Kf8 40. Kg3
Ke7 41. Kf3 Kd6 42. Kg3 Kc6 43. fxg5 hxg5 44. h4 gxh4+ 45. Kxh4 Kd6 46. Kg5 Ke6
47. Kf4 Kf6 48. cxd5 b6 49. d6 Ke6 50. d7 Kxd7 51. Kxf5 Kd6 52. Ke4 Ke6 53. d5+
Kd6 54. Kd4 Kd7 55. Ke5 Ke7 56. d6+ Kd7 57. Kd5 Kd8 58. Kc6 Kc8 59. Kxb6 Kd7
60. Kxa5 Kxd6 61. b4 Kc7 62. b5 Kb7 63. Kb4 Kb6 64. a5+ Kb7 65. Kc5 Ka7 66. b6+
Kb7 67. Kb5 Kb8 68. a6 Ka8 69. Kc6 Kb8 70. b7 Ka7 71. Kc7 1-0

[Event "Titled Tuesday intern op 16th June"]
[Site "Chess.com INT"]
[Date "2020.06.16"]
[Round "2"]
[White "Girish, A Koushnik"]
[Black "Mostbauer, Florian"]
[Result "1-0"]
[WhiteElo "2498"]
[BlackElo "2309"]
[PlyCount "83"]
[EventDate "2020.06.16"]
[EventType "swiss (blitz)"]
[EventRounds "10"]
[EventCountry "USA"]
[SourceTitle "EXT 2021"]
[Source "ChessBase"]
[SourceDate "2020.10.23"]
[SourceVersion "1"]
[SourceVersionDate "2020.10.23"]
[SourceQuality "1"]

1. d4 d5 2. c4 c6 3. Nc3 Nf6 4. Bg5 Ne4 5. Nxe4 dxe4 6. Qd2 Nd7 7. e3 Nf6 8.
Ne2 Bf5 9. Ng3 Bg6 10. h4 h6 11. Bxf6 exf6 12. h5 Bh7 13. Be2 Bd6 14. Nf1 O-O
15. g4 a5 16. a3 Re8 17. Rg1 Qc7 18. c5 Be7 19. Ng3 b6 20. cxb6 Qxb6 21. Bc4 c5
22. dxc5 Bxc5 23. Kf1 Rad8 24. Qe2 Qd6 25. Kg2 Qe5 26. Rad1 Bd6 27. Rd5 Qe7 28.
Rgd1 Bc7 29. Qd2 Rxd5 30. Bxd5 Rd8 31. Qc3 Kf8 32. b4 axb4 33. axb4 Bd6 34. b5
f5 35. gxf5 Bxg3 36. fxg3 Bxf5 37. b6 Bg4 38. Rd4 Qf6 39. Bxe4 Re8 40. b7 Bxh5
41. Qb4+ Kg8 42. b8=Q 1-0